000
00208nam a22000977a 4500
003
OSt
008
210113b ||||| |||| 00| 0 eng d
100
_a
Surendran, K
_9
4311
245
_a
Kattukuranghu
942
_c
BK
999
_c
16422
_d
16422